000
00334nam a2200145Ia 4500
100
_a
Grand/ Mark/ Knudsen/J
942
_c
BK
654
_a
Computer
245
_a
Java Fundamentals Classes Reference
260
_b
Oreilly & Ass Inc
_a
New Delhi
_c
1997
082
_a
005.13 (J)
300
_a
1045
546
_a
ENGLISH
999
_c
18565
_d
18565